| 000 | 01220nam0a2200325 i 4500 | ||
|---|---|---|---|
| 001 | RU\NLR\BIBL_A\010764264 | ||
| 005 | 20260406072743.0 | ||
| 010 |
_a9785844503061 _93000 |
||
| 021 |
_aRU _b2015-27701 _91633 |
||
| 035 | _a(NILC)RuMoRGB-007910349 | ||
| 035 | _a(NLR Aleph) 010764264 | ||
| 090 |
_a9993395 _c9993395 |
||
| 100 | _a20150522d2015 m y0rusy50 ca | ||
| 101 | 1 |
_arus _ceng |
|
| 102 | _aRU | ||
| 105 | _ay z 000yy | ||
| 200 | 1 |
_aСила молящейся жены _eмолитвы на каждый день _e[новые возможности молитвы за себя, мужа и свой брак] _fСторми Омартиан _g[пер. с англ. Р. Б. Шемпель] |
|
| 210 |
_aСанкт-Петербург _cБиблейский взгляд _d2015 |
||
| 215 |
_a316 с. _d21 |
||
| 606 |
_aЕвангелизация _92082319 _3RU\NLR\AUTH\661258340 |
||
| 675 | _a27 | ||
| 686 | 2 | _aЭ376,0 | |
| 700 | 1 |
_8rus _7ca _aОмартиан _bС. _gСторми _3RU\NLR\AUTH\7730489 _913507 |
|
| 801 | 0 |
_aRU _bRuMoRKP _c20100607 _gRCR |
|
| 801 | 2 |
_aRU _bРГБ _c20150413 _grcr |
|
| 942 | _cBOOK | ||
| 980 | _aNBR | ||